| 000 | 01220nam0a22003131 4500 | ||
|---|---|---|---|
| 001 | rc\3015312 | ||
| 005 | 20250805160813.4 | ||
| 035 | _a(NLR Aleph) 007157647 | ||
| 090 |
_a7216574 _c7216574 |
||
| 100 | _a20110925d1942 |||y0rusy50 ca | ||
| 101 | 0 | _arus | |
| 102 | _aRU | ||
| 105 | _aa z ||||| | ||
| 200 | 1 | _aУчение о клетке | |
| 210 |
_aМосква _aЛенинград _cИзд-во Акад. наук СССР _d1942 _eКазань |
||
| 215 |
_a135, [5] с. _cил. _d21 см |
||
| 225 | 1 |
_aНаучно-популярная библиотека _fАкад. наук СССР. Под общ. ред. акад. В.Л. Комарова ... акад. С.И. Вавилова [и др.] |
|
| 320 | _aБиблиогр.: с. 138 | ||
| 700 | 1 |
_aЗалкинд _bС. Я. _f1903- _gСемен Яковлевич |
|
| 702 | 1 |
_aКомаров _bВ. Л. _4340 |
|
| 702 | 1 |
_aВавилов _bС. И. _f1891-1951 _gСергей Иванович _3RU\NLR\AUTH\7716395 _4340 |
|
| 801 | 0 |
_aRU _bNLR _gpsbo |
|
| 801 | 1 |
_aRU _bELAR _2rusmarc |
|
| 852 |
_aNLR _jБл02 Г-3/85 |
||
| 942 | _cBOOK | ||
| 945 | _aРоссийская национальная библиотека | ||
| 980 | _aNB | ||
| 980 | _aBV | ||